000 00441nam a22001457a 4500
020 _qPB.
040 _cFIZZA ISHAQ
082 _a423.12
_bCOL
100 _a Gilmour, Lorna Crozier Justin.
_9134310
245 _aCollins Thesaurus A-Z : Discovery /
_cLorna Crozier Justin; Gilmour.
250 _a1st ED.
260 _aUK:
_b Collins ,
_c 2005.
300 _aviii ; 799 p. ; 24 Collins Thesaurus A-Z
_c8 x 5.4 x 1.7 inches,
942 _2ddc
_cBK
999 _c617283
_d617283